000
00347 a2200169 4500
001
190728
020
_a
040
_c
Magnum
100
_a
Badaró, Murilo Paulino
240
1
0
_a
Rondó solitário
_l
por
245
1
0
_a
Rondó solitário
300
_a
310
362
0
_a
2006
440
1
_a
Sografe
697
_a
LITERATURA GERAL
942
_c
BK
999
_c
190728
_d
190728